Southville International School and Colleges
Your cart is empty.
  • Cart
  • Lists
    Public lists Eva Luna New books Lux_list list_1
    Your lists Log in to create your own lists
  • Log in to your account
  • Your cookies
  • Search history
Southville International School and Colleges
  • Advanced search
  • Recent comments
  • Most popular
  • Libraries

Log in to your account

Log in with GOOGLE


If you do not have an external account, but do have a local account, you can still log in:

  1. Home
  2. MARC view: Groups :
Normal view MARC view ISBD view

Groups : (Record no. 277365)

[ view plain ]
MARC details
000 -LEADER
fixed length control field 02149cam a2200421 a 4500
001 - CONTROL NUMBER
control field 17171006
003 - CONTROL NUMBER IDENTIFIER
control field PILC
005 - DATE AND TIME OF LATEST TRANSACTION
control field 20160205150340.0
008 - FIXED-LENGTH DATA ELEMENTS--GENERAL INFORMATION
fixed length control field 120217s2014 cauoa b 001 0 eng d
010 ## - LIBRARY OF CONGRESS CONTROL NUMBER
LC control number 2012933672
020 ## - INTERNATIONAL STANDARD BOOK NUMBER
International Standard Book Number 9781133945468 (student ed.)
020 ## - INTERNATIONAL STANDARD BOOK NUMBER
International Standard Book Number 1133945465 (student ed.)
020 ## - INTERNATIONAL STANDARD BOOK NUMBER
International Standard Book Number 1285087879 (instructor's ed.)
020 ## - INTERNATIONAL STANDARD BOOK NUMBER
International Standard Book Number 9781285087870 (instructor's ed.)
035 ## - SYSTEM CONTROL NUMBER
System control number (OCoLC)ocn823520877
040 ## - CATALOGING SOURCE
Original cataloging agency WBS
Transcribing agency WBS
Modifying agency YDXCP
-- GZM
-- BWX
-- UMS
-- MUU
-- DLC
042 ## - AUTHENTICATION CODE
Authentication code lccopycat
050 00 - LIBRARY OF CONGRESS CALL NUMBER
Classification number BF 636.7.G76
Item number .C67 2014
082 00 - DEWEY DECIMAL CLASSIFICATION NUMBER
Classification number 616.89/152
100 1# - MAIN ENTRY--PERSONAL NAME
Personal name Corey, Marianne Schneider,
Dates associated with a name 1942-
245 10 - TITLE STATEMENT
Title Groups :
Remainder of title process and practice /
Statement of responsibility, etc Marianne Schneider Corey, Gerald Corey, Cindy Corey.
250 ## - EDITION STATEMENT
Edition statement 9th edition.
260 ## - PUBLICATION, DISTRIBUTION, ETC. (IMPRINT)
Place of publication, distribution, etc Belmont, California :
Name of publisher, distributor, etc Brooks/Cole, Cengage Learning,
Date of publication, distribution, etc 2014.
300 ## - PHYSICAL DESCRIPTION
Extent xxv, 449 pages :
Other physical details illustrations ;
Dimensions 26 cm.
500 ## - GENERAL NOTE
General note Includes bibliographical references and indexes.
505 0# - FORMATTED CONTENTS NOTE
Formatted contents note Introduction to group work -- Group counselor -- Ethical and legal issues in group counseling -- Theories and techniques of group counseling -- Forming a group -- Initial stage of a group -- Transition stage of a group -- Working stage of a group -- Final stage of a group -- Groups in school settings -- Groups in community settings -- Appendix.
520 ## - SUMMARY, ETC.
Summary, etc "This book outlines the basic issues and key concepts of group process and shows how group leaders can apply these concepts in working with a variety of groups. In many ways this is a 'how-to' book, but it is also a book about the 'why' of group leadership...For the ninth edition, each chapter has been carefully reviewed and updated to present the current thinking and trends in practice." --p. xxi
521 ## - TARGET AUDIENCE NOTE
Target audience note Psychology
650 #0 - SUBJECT ADDED ENTRY--TOPICAL TERM
Topical term or geographic name as entry element Group psychotherapy.
650 #0 - SUBJECT ADDED ENTRY--TOPICAL TERM
Topical term or geographic name as entry element Group counseling.
650 #0 - SUBJECT ADDED ENTRY--TOPICAL TERM
Topical term or geographic name as entry element Group relations training.
700 1# - ADDED ENTRY--PERSONAL NAME
Personal name Corey, Gerald.
700 1# - ADDED ENTRY--PERSONAL NAME
Personal name Corey, Cindy
Fuller form of name (Cindy C.)
710 2# - ADDED ENTRY--CORPORATE NAME
Corporate name or jurisdiction name as entry element Brooks/Cole Publishing Company.
906 ## - LOCAL DATA ELEMENT F, LDF (RLIN)
a 7
b cbc
c copycat
d 2
e ncip
f 20
g y-gencatlg
942 ## - ADDED ENTRY ELEMENTS (KOHA)
Source of classification or shelving scheme Library of Congress Classification
Koha item type Books
Call number prefix Foreign
Holdings
Withdrawn status Lost status Source of classification or shelving scheme Damaged status Home library Current library Shelving location Date acquired Source of acquisition Sub Shelving location Total Checkouts Total Renewals Full call number Barcode Date last seen Date checked out Price effective from Koha item type
    Library of Congress Classification   College Library College Library Reserve Section 01/22/2015 Library Fund   1 1 BF 636.7.G76 .C67 2014 C19077 02/08/2019 02/01/2019 01/22/2015 Books

Groups :

APA

Corey M. S., Corey G., Corey C. & Brooks/Cole Publishing Company. (2014). Groups. Belmont, California: Brooks/Cole, Cengage Learning.

Chicago

Corey Marianne Schneider, Corey Gerald, Corey Cindy and Brooks/Cole Publishing Company. 2014. Groups. Belmont, California: Brooks/Cole, Cengage Learning.

Harvard

Corey M. S., Corey G., Corey C. and Brooks/Cole Publishing Company. (2014). Groups. Belmont, California: Brooks/Cole, Cengage Learning.

MLA

Corey Marianne Schneider, Corey Gerald, Corey Cindy and Brooks/Cole Publishing Company. Groups. Belmont, California: Brooks/Cole, Cengage Learning. 2014.

  • Place hold
  • Print
  • Cite
  • Add to your cart (remove)
  • Save record
    BIBTEX Dublin Core MARCXML MARC (non-Unicode/MARC-8) MARC (Unicode/UTF-8) MARC (Unicode/UTF-8, Standard) MODS (XML) RIS
  • More searches
    Search for this title in:
    Other Libraries (WorldCat) Other Databases (Google Scholar) Online Stores (Bookfinder.com) Open Library (openlibrary.org)

Exporting to Dublin Core...

SOUTHVILLE LIBRARY

Southville International School and Colleges Library

1281 Tropical Ave. Cor. Luxembourg St., BF Homes International, Las Pinas City

Tel. No. 8256374 / 252358 Loc. 117/146

Powered by Koha